• 首页
  • 本馆介绍
  • 公告通知
  • 最新文献
  • 馆藏检索
  • 电子资源
  • 读者导购
  • 参考咨询
  • 我的图书馆
  • 登录
  • 详细信息显示
  • 放入我的书架
  • 预约/预借图书
  • 作者相关作品
  • 分类相关作品
  • 丛书相关作品
  • 出版社相关作品

书目信息

  • 表格格式
  • 工作单格式
  • 卡片格式
题名:
金融资产评估
    
 
作者: 杨子江 主编
分册:  
出版信息: 北京   中国人民大学出版社  2003
页数: 286页
开本: 23cm
丛书名:
单 册:
中图分类: F830.3
科图分类:
主题词: 金融公司--资产评估--教材 , 金融公司 , 资产评估
电子资源:
ISBN: 7-300-04485-9
000 00928nam0 2200277 450
000 00941nam0 2200277 450
000 00872nam0 2200253 450
000 00836oam2 2200241 45
005 20070610105630.60
010    @a7-300-04485-9@dCNY23.00
100    @a20070608d2003 em y0chiy0120 ea
101 0  @achi
102    @aCN@b110000
105    @ay z 000yy
200 1  @a金融资产评估@AJin Rong Zi Chan Ping Gu@f杨子江主编@FYang Zi Jiang Zhu Bian
210    @a北京@c中国人民大学出版社@d2003
215    @a286页@d23cm
300    @a21世纪资产评估系列教材
330    @a本书分析了金融资产评估的特征与途径、方法与模型,阐述了金融资产评估工作的管理方法,列举了国内上市企业的评估以及企业投资评估案例。
606 0  @a金融公司@x资产评估@j教材
606 0  @a金融公司
606 0  @a资产评估
690    @aF830.3@v4
701  0 @a杨子江@AYang Zi Jiang@f(1969~)@4主编
801  0 @aCN@bTAOJIN@c20070610
905    @a10447@dF830.3@e95
    
    金融资产评估/杨子江主编.-北京:中国人民大学出版社,2003
    286页;23cm
    21世纪资产评估系列教材
    
    ISBN 7-300-04485-9:CNY23.00
    本书分析了金融资产评估的特征与途径、方法与模型,阐述了金融资产评估工作的管理方法,列举了国内上市企业的评估以及企业投资评估案例。
●
相关链接 在E读中查询图书 在五车中查询图书 在当当中查询图书 在豆瓣中查询图书


正题名:金融资产评估     索取号:F830.3/95         预约/预借

序号 登录号 条形码 馆藏地/架位号 状态 备注
1 0527860   205278607   第一样本阅览室/ [索取号:F830.3/95] 在馆    
2 0527861   205278616   第一借阅区/ [索取号:F830.3/95] 在馆    
3 0527862   205278625   第一借阅区/ [索取号:F830.3/95] 在馆    
4 0527863   205278634   第一借阅区/ [索取号:F830.3/95] 在馆    
5 0527864   205278643   密集书库/ [索取号:F830.3/95] 在馆    
6 0527865   205278652   密集书库/ [索取号:F830.3/95] 在馆    
7 0527866   205278661   第一借阅区/ [索取号:F830.3/95] 在馆    
8 0527867   205278670   密集书库/ [索取号:F830.3/95] 在馆    
唐山师范学院图书馆 欢迎您!
大连网信软件有限公司© 版权所有